[Event "Bandarabbas Rapid"]
[Site "Bandarabbas"]
[Date "2016.01.29"]
[Round "3.2"]
[White "Salari, Shahram"]
[Black "Samareh Shahpasand, Farshad"]
[Result "1-0"]
[WhiteElo "1915"]
[BlackElo "2138"]
[PlyCount "64"]
[EventDate "2015.12.30"]
[EventType "swiss (rapid)"]
[EventRounds "9"]
[EventCountry "IRI"]
[SourceTitle "EXT 2024"]
[Source "ChessBase"]
[SourceDate "2023.10.10"]
[SourceVersion "1"]
[SourceVersionDate "2023.10.10"]
[SourceQuality "1"]

1. e4 c5 2. Nf3 e6 3. c4 Nc6 4. Nc3 a6 5. Be2 Nd4 6. 0-0 Ne7 7. Nxd4 cxd4 8. Nb1 g6 9. d3 Bg7 10. f4 0-0 11. Nd2 b5 12. b3 Bb7 13. Qe1 f5 14. Bf3 Rb8 15. Ba3 d6 16. exf5 exf5 17. Qe6+ Rf7 18. Bxd6 Bxf3 19. Nxf3 Qc8 20. Rae1 Qxe6 21. Rxe6 Rb7 22. Ng5 bxc4 23. bxc4 Bf8 24. Nxf7 Kxf7 25. Rfe1 a5 26. c5 Nd5 27. c6 Ra7 28. Bxf8 Kxf8 29. Re8+ Kf7 30. Rd8 Ne7 31. Rd7 Rxd7 32. cxd7 a4 1-0

[Event "Kerman Navabi Memorial op 2nd"]
[Site "Kerman"]
[Date "2013.08.29"]
[Round "5"]
[White "Salari, Shahram"]
[Black "Soleimanian, Milad"]
[Result "0-1"]
[WhiteElo "1920"]
[BlackElo "1828"]
[PlyCount "64"]
[EventDate "2013.08.27"]
[EventType "swiss"]
[EventRounds "9"]
[EventCountry "IRI"]
[SourceTitle "EXT 2014"]
[Source "ChessBase"]
[SourceDate "2013.11.20"]
[SourceVersion "1"]
[SourceVersionDate "2013.11.20"]
[SourceQuality "1"]

1. d4 g6 2. c4 Bg7 3. Nf3 c5 4. d5 d6 5. Nc3 Bxc3+ 6. bxc3 f5 7. g3 Qa5 8. Qc2 Nd7 9. Bg2 Nb6 10. Nd2 Nf6 11. 0-0 Bd7 12. Re1 0-0-0 13. Rb1 Kb8 14. e3 Rdg8 15. Bf1 h5 16. Nf3 g5 17. Bd3 Ne4 18. Bxe4 fxe4 19. Qxe4 Rg7 20. Nxg5 Rxg5 21. Qxe7 Rg6 22. e4 Bc8 23. e5 Qxa2 24. Bf4 Qxc4 25. Rxb6 axb6 26. exd6 Qxc3 27. Qc7+ Ka8 28. Rc1 Qb2 29. Rxc5 Rf8 30. d7 Bxd7 31. Ra5+ bxa5 32. d6 Qa1+ 0-1